British Authors Quiz - Statistics

General Stats
  • This quiz has been taken 678 times
  • The average score is 20 of 26
Answer Stats
Novels Author % Correct
1984; Animal Farm George Orwell
98%
Oliver Twist; David Copperfield Charles Dickens
97%
Pride and Prejudice; Emma Jane Austen
97%
Harry Potter series J.K. Rowling
97%
Lord of the Rings; The Hobbit J.R.R. Tolkien
96%
Murder on the Orient Express; Death on the Nile Agatha Christie
94%
Jane Eyre; Villette Charlotte Brontë
94%
Charlie and the Chocolate Factory; Matilda Roald Dahl
94%
Frankenstein; The Last Man Mary Shelley
93%
The Lion, the Witch and the Wardrobe; Mere Christianity C. S. Lewis
90%
The Adventures of Sherlock Holmes; A Study in Scarlet Arthur Conan Doyle
89%
Alice's Adventures in Wonderland; Through the Looking-Glass Lewis Carroll
89%
The Jungle Book; If - Rudyard Kipling
87%
The Canterbury Tales; General Prologue Geoffrey Chaucer
82%
The Satanic Verse; Quichotte Salman Rushdie
74%
Mrs Dalloway; To the Lighthouse Virginia Woolf
74%
Tess of the D'Urbervilles; Far from the Madding Crowd Thomas Hardy
71%
Lord of the Flies; The Inheritors William Golding
71%
Heart of Darkness; Jim Lord Joseph Conrad
65%
Middlemarch; Silas Marner George Eliot
62%
Vanity Fair; Pendennis William Makepeace Thackeray
54%
Howards End; A Room with a View E. M. Forster
47%
The Remains of the Day; Never Let Me Go Kazuo Ishiguro
42%
Atonement; On Chesil Beach Ian McEwan
40%
The Amber Spyglass; Northern Lights Philip Pullman
40%
American Gods; Caroline Neil Gaiman
34%
No matching quizzes found
Score Distribution
Percent of People with Each Score
Percentile by Number Answered
Your Score History
You have not taken this quiz